Oil, divestiture, and national security /

Bibliographic Details
Corporate Author: National Strategy Information Center
Other Authors: Adelman, M. A. (Morris Albert), 1917-2014
Format: Book
Language:English
Published: New York : Crane, Russak, [1977]
Subjects:

MARC

Tag First Indicator Second Indicator Subfields
LEADER 00000cam a2200000 i 4500
001 in00000344521
005 20151011055803.0
008 770516s1977 nyu b 00000 eng
010 |a  76051876  
020 |a 0844810703 :  |c $4.95 
035 |a (OCoLC)02774099 
035 |9 ABM4108AM 
040 |a DLC  |c DLC  |d TXA  |d UtOrBLW 
043 |a n-us--- 
049 |a TXAM  |c [973923] 
050 0 0 |a HD9566  |b .O35 
082 0 |a 338.8 
092 |a 338.2  |b N 
245 0 0 |a Oil, divestiture, and national security /  |c M. A. Adelman [and others] and selected Congressional testimony ; pref. by Frank R. Barnett ; editor, Frank N. Trager. 
264 1 |a New York :  |b Crane, Russak,  |c [1977] 
264 4 |c ©1977 
300 |a x, 135 pages ;  |c 23 cm. 
336 |a text  |b txt  |2 rdacontent 
337 |a unmediated  |b n  |2 rdamedia 
338 |a volume  |b nc  |2 rdacarrier 
500 |a At head of title: National Strategy Information Center, inc. 
504 |a Includes bibliographical references. 
650 0 |a Petroleum industry and trade  |z United States. 
650 0 |a Corporate divestiture  |z United States. 
650 0 |a National security  |z United States. 
700 1 |a Adelman, M. A.  |q (Morris Albert),  |d 1917-2014. 
710 2 |a National Strategy Information Center. 
999 |a MARS 
999 f f |s bfa760f2-db95-3a8b-a546-41349329f089  |i 3cec1e79-ee74-3be6-8b82-941c5501222e  |t 0 
952 f f |p ric  |a Texas A&M University  |b Rellis Campus  |c Joint Library Facility  |d Remote Storage  |t 0  |e HD9566 .O35  |h Library of Congress classification  |i unmediated -- volume  |m A14802730365 
952 f f |a Texas A&M University  |b College Station  |c Sterling C. Evans Library  |d Halbouty Reading Rm (Halbouty Bldg 173) (Does not check out)  |t 0  |e 338.2 N  |h Dewey Decimal classification 
998 f f |a HD9566 .O35  |t 0  |l Remote Storage 
998 f f |a 338.2 N  |t 0  |l Halbouty Reading Rm (Halbouty Bldg 173) (Does not check out)